| 000 | 00850nmm a2200277 a 4500 | ||
|---|---|---|---|
| 001 | ocm0001256778 | ||
| 003 | TR-IsHL | ||
| 005 | 20201028160402.0 | ||
| 008 | 150709s2013 tu tur | ||
| 007 | cr cn | ||
| 020 | _a9789753553339 | ||
| 035 |
_a1256778 _b(N$T) |
||
| 050 | 0 | 4 |
_aPL248.Ş57 _bR8 2013 |
| 090 | 0 | 4 |
_aPL248.Ş57 _bR8 2013 |
| 100 | 1 | _aŞirin, Mustafa Ruhi | |
| 245 | 1 | 0 |
_aRüya saati: şiirler _h[electronic resource] / _cMustafa Ruhi Şirin |
| 250 | _a3. basım | ||
| 260 |
_aİstanbul : _bİz Yayıncılık, _c2013 |
||
| 300 | _a85 p. | ||
| 650 | 4 | _aDil ve Edebiyat | |
| 650 | 4 | _aLanguage and Literature | |
| 650 | 0 | _aTürk şiiri | |
| 650 | 0 | _aTurkish poetry | |
| 650 | 7 |
_aPOETRY / Middle Eastern _2bisacsh |
|
| 856 | 4 | 0 | _uhttp://search.ebscohost.com/login.aspx?direct=true&scope=site&db=e011xww&AN=1256778 |
| 999 |
_c13574 _d13574 |
||